000
00231nam a22000857a 4500
008
161217b xxu||||| |||| 00| 0 eng d
100
_9
2097
_a
Batten.D
245
_a
The Revised & Expanded Answer Book
260
_a
America
_b
Master Book
_c
1990
999
_c
4981
_d
4981